Normal view MARC view
  • Manzoor, Ms. Sadia

Entry Personal Name

Number of records used in: 1

001 - CONTROL NUMBER

  • control field: 131620

003 - CONTROL NUMBER IDENTIFIER

  • control field: NUST

005 - DATE AND TIME OF LATEST TRANSACTION

  • control field: 20251029125253.0

008 - FIXED-LENGTH DATA ELEMENTS

  • fixed length control field: 251029|| aca||aabn | a|a d

040 ## - CATALOGING SOURCE

  • Original cataloging agency: NUST
  • Transcribing agency: NUST

100 ## - HEADING--PERSONAL NAME

  • Personal name: Manzoor, Ms. Sadia

670 ## - SOURCE DATA FOUND

  • Source citation: Work cat.: (NUST): Manzoor, Ms. Sadia, CHARACTERIZATION OF ANTIBIOTIC-RESISTANT NOVEL BACTERIAL STRAINS AND THEIR ENVIRONMENTAL APPLICATIONS/
© 2023 Central Library, National University of Sciences and Technology. All Rights Reserved.